01405nam a2200325Ia 4500001001200000003000800012006001900020007001500039008004100054020001800095020001800113040002100131035002100152050002300173100002600196245016900222260004000391300003200431504005100463533015200514650003500666650006300701650006400764651003900828655002900867700001600896700002400912710001700936856012600953ebr10562688CaPaEBRm u cr cn|||||||||120607s2012 bccab sb 001 0 eng d z9780774821681 z9780774821704 aCaPaEBRcCaPaEBR a(OCoLC)77968325714aE99.L4bP74 2012eb1 aPrentiss, Anna Marie.10aPeople of the middle Fraser Canyonh[electronic resource] :ban archaeological history /cAnna Marie Prentiss and Ian Kuijt ; with illustrations by Eric S. Carlson. aVancouver, BC :bUBC Press,cc2012. axiii, 235 p. :bill., maps. aIncludes bibliographical references and index. aElectronic reproduction.bPalo Alto, Calif. :cebrary,d2011.nAvailable via World Wide Web.nAccess may be limited to ebrary affiliated libraries. 0aLillooet IndiansxAntiquities. 0aAntiquities, PrehistoriczBritish ColumbiazFraser Canyon. 0aExcavations (Archaeology)zBritish ColumbiazFraser Canyon. 0aFraser Canyon (B.C.)xAntiquities. 7aElectronic books.2local1 aKuijt, Ian.1 aFraser, Nicholas C.2 aebrary, Inc.40uhttp://site.ebrary.com/lib/rucke/Doc?id=10562688zAn electronic book accessible through the World Wide Web; click to view